El París de Kiki (Record no. 7428)

MARC details
000 -LEADER
campo de control de longitud fija 00696nam a2200229 i 4500
001 - NÚMERO DE CONTROL
campo de control 7428
003 - IDENTIFICADOR DE NÚMERO DE CONTROL
campo de control ES-MaACL
005 - FECHA Y HORA DE LA ÚLTIMA TRANSACCIÓN
campo de control 20230906145231.0
007 - CAMPO FIJO DE DESCRIPCIÓN FÍSICA--INFORMACIÓN GENERAL
campo de control de longitud fija t|
008 - DATOS DE LONGITUD FIJA--INFORMACIÓN GENERAL
campo de control de longitud fija 901228s1990 sp |||| |dspa d
020 ## - NÚMERO INTERNACIONAL ESTÁNDAR DEL LIBRO
Número Internacional Estándar del Libro 84-7223-130-5
080 ## - NÚMERO DE LA CLASIFICACIÓN DECIMAL UNIVERSAL
Número de la Clasificación Decimal Universal 7.036(44)
080 ## - NÚMERO DE LA CLASIFICACIÓN DECIMAL UNIVERSAL
Número de la Clasificación Decimal Universal 92:7"1900/1930"
100 1# - ENTRADA PRINCIPAL--NOMBRE DE PERSONA
Nombre de persona Kliürer, Billy.
9 (RLIN) 148052
245 13 - MENCIÓN DEL TÍTULO
Título El París de Kiki
Resto del título : artistas y amantes 1900-1930 /
Mención de responsabilidad, etc. Billy Klüver y Julie Martin.
260 ## - PUBLICACIÓN, DISTRIBUCIÓN, ETC.
Lugar de publicación, distribución, etc. Barcelona :
Nombre del editor, distribuidor, etc. Tusquets,
Fecha de publicación, distribución, etc. 1990.
300 ## - DESCRIPCIÓN FÍSICA
Extensión 263 p. :
Otras características físicas il., fot. ;
Dimensiones 30 cm.
650 #4 - PUNTO DE ACCESO ADICIONAL DE MATERIA--TÉRMINO DE MATERIA
Término de materia o nombre geográfico como elemento de entrada Artistas-
Subdivisión geográfica París.
9 (RLIN) 148051
651 #4 - PUNTO DE ACCESO ADICIONAL DE MATERIA--NOMBRE GEOGRÁFICO
Nombre geográfico París-
Subdivisión general Vida intelectual-
Subdivisión cronológica S.XX.
9 (RLIN) 9214
700 1# - ENTRADA AGREGADA--NOMBRE PERSONAL
Nombre de persona Martin, Julie.
9 (RLIN) 77334
852 ## - LOCALIZACIÓN
Ubicación ES-MaACL
Número de control de estantería L-14701
Nota libre . - tela
Holdings
Estatus retirado Estado de pérdida Estado de daño No para préstamo Biblioteca de origen Biblioteca actual Ubicación en estantería Fecha de adquisición Fuente de adquisición Total de préstamos Signatura topográfica completa Código de barras Visto por última vez Precio de reemplazo Tipo de ítem Koha
        Biblioteca del Ateneo de Madrid Biblioteca del Ateneo de Madrid Depósito 2 17/01/2008     L-14701 1007576 23/02/2023 23/02/2023 Libro impreso